|
|
|
|
| LEADER |
01002nam a22002772a 4500 |
| 001 |
000390044 |
| 003 |
CZ BrMZK |
| 005 |
20100323145055.0 |
| 007 |
ta |
| 008 |
980105s1980 xo f |||||||||||slo d |
| 040 |
|
|
|a BOA001
|b cze
|
| 041 |
1 |
|
|a slo
|h cze
|
| 100 |
1 |
|
|a Martínek, Zdeněk,
|d 1921-
|7 jk01080365
|4 aut
|
| 245 |
1 |
0 |
|a Základy hodinárstva :
|b úvod do hodinárského odboru vhodný pre samostatné štúdium, pre školenie a pre informáciu /
|c Zdeněk Martínek, Jaroslav Řehoř
|
| 250 |
|
|
|a 3. vyd.
|
| 260 |
|
|
|a Bratislava :
|b Alfa,
|c 1980
|
| 300 |
|
|
|a 159 s.
|
| 490 |
1 |
|
|a Edícia strojárskej literatúry
|
| 500 |
|
|
|a Přeloženo z češtiny
|
| 700 |
1 |
|
|a Řehoř, Jaroslav,
|d 1934-2023
|7 jx20040813019
|4 aut
|
| 765 |
0 |
|
|t Základy hodinářství
|9 Slovensky
|
| 830 |
|
0 |
|a Edícia strojárskej literatúry (Alfa)
|0 s
|
| 910 |
|
|
|a BOA001
|b 1-0662.674-80
|
| 990 |
|
|
|a BK
|
| 991 |
|
|
|b 200906
|
| 996 |
7 |
|
|b 2619497249
|c 1-0662.674-77
|l MZK
|r Sklad / do 1 hodiny
|n 1
|w 000390044
|u 000010
|a 1
|e BOA001
|j MZK50
|s A
|